banner koha

Produção em alta, preços em baixa (Registro n. 340190)

MARC details
000 -LÍDER
fixed length control field 00788nab a2200241 4500
003 - CÓDIGO MARC DA AGÊNCIA CATALOGADORA
Campo de controle BR-BrBNA
005 - DATA E HORA DA ÚLTIMA ATUALIZAÇÃO
Campo de controle 20260225154645.0
008 - CAMPO DE TAMANHO FIXO
fixed length control field 260225b bl.||||| |||| 00| 0 por d
040 ## - FONTE DA CATALOGAÇÃO
Agência catalogadora BR-BrBNA
Idioma da catalogação por
072 ## - CATEGORIA AGRIS
Código AGRIS F01 ; E16 ; E70
Código do objeto 0336
100 ## - ENTRADA PRINCIPAL - NOME PESSOAL
Nome pessoal Moitinho, Fábio
245 ## - TÍTULO PRINCIPAL
Título principal Produção em alta, preços em baixa
Subtítulo Agroeconomia
500 ## - NOTA GERAL
Nota geral 2 illus.; 1 graph
942 ## - ADDED ENTRY ELEMENTS (KOHA)
Koha item type Analítica
650 ## - ASSUNTO - THESAGRO
Cabeçalho tópico ou nome geográfico SOJA
650 ## - ASSUNTO - THESAGRO
Cabeçalho tópico ou nome geográfico SAFRA
650 ## - ASSUNTO - THESAGRO
Cabeçalho tópico ou nome geográfico COTAÇÃO
650 ## - ASSUNTO - THESAGRO
Cabeçalho tópico ou nome geográfico EXCESSO DE OFERTA
650 ## - ASSUNTO - THESAGRO
Cabeçalho tópico ou nome geográfico BOLSA DE MERCADORIAS
650 ## - ASSUNTO - THESAGRO
Cabeçalho tópico ou nome geográfico PREÇO MÍNIMO
773 0# - ENTRADA ANALÍTICA
Host Biblionumber 1706
Registro do item 348141
Imprenta São Paulo-SP Editora Três Ltda - E-mail: luizfsa@revistadinheiro.com.br 2004
Outro identificador 2025-0632
Título Dinheiro Rural (Brazil)
ISSN 1807-3700
Colação v. 9(119) p. 24-25; (Oct 2014)
Número de controle de registro BR2025005986

Nenhum exemplar disponível.

BINAGRI

Telefone: (61)3218-2567/2388/3357/2097 - binagri@agro.gov.br

Ministério da Agricultura e Pecuária , Esplanada dos Ministérios, Bloco D, Anexo B, Brasília/DF, CEP: 70.043-900